Malditas matemáticas : (Registro nro. 13285)

Detalles MARC
000 -LIDER
fixed length control field 01097nam a22003497a 4500
003 - IDENTIFICACDOR DE NÚMERO DE CONTROL
control field DO-SdBNP
005 - DATE AND TIME OF LATEST TRANSACTION
control field 20180212155952.0
008 - ELEMENTOS DE LONGITUD FIJA
fixed length control field 180212b 2000 sp a| 00| 0 spa d
016 ## - NO. DE CONTROL DE LA AGENCIA BIB. NACIONAL
Record control number
017 ## - NÚMERO DE REGISTRO DE DERECHOS DE AUTOR
Copyright or legal deposit number
Assigning agency
020 ## - ISBN
International Standard Book Number 9788420441757
035 ## - NÚMERO LOCAL
System control number
040 ## - FUENTE DE CATALOGACIÓN
Agencia que crea de manera original el registro BPMSU
Idioma de catalogación spa
Agencia que realiza la transcripción BPMSU
Convenciones de la despripción
080 ## - NÚMERO DE CLASIFICACIÓN DECIMAL UNIVERSAL
Universal Decimal Classification number
082 #4 - NÚMERO DE CLASIFICACIÓN DECIMAL DE DEWEY
Classification number 853.91
Item number F797m
100 1# - ASIENTO PRINCIPAL -- NOMBRE PERSONAL
Nombre personal Frabetti, Carlo,
Fechas asociadas con el nombre 1945-
245 10 - MENCIÓN DE TITULO
Título Malditas matemáticas :
Subtítulo Alicia en el país de los números /
Mención de responsabilidad Carlo Frabetti ; ilustraciones de Joaquín Marín
Medio (Designación general de material)
246 ## - VARIACION DEL TÍTULO
Subtítulo
260 ## - PUBLICACIÓN, DISTRIBUCIÓN, ETC. (PIE DE IMPRENTA)
Lugar de publicación, distribución, etc Madrid :
Nombre del editor, distribuidor, etc. Santillana ediciones generales,
Fecha de publicación, distribución, etc 2000.
Fecha de impresión 2001.
300 ## - DESCRIPCIÓN FÍSICA
Extensión 135 p. :
Otros detalles físicos il.;
Dimensiones 22 cm
490 1# - MENCIÓN DE SERIES
Mención de serie Alfaguara juvenil
650 ## - ENCABEZAMIENTO DE MATERIA--TEMÁTICO
Término temático o nombre geográfico como elemento de entrada LITERATURA JUVENIL ITALIANAS
650 ## - ENCABEZAMIENTO DE MATERIA--TEMÁTICO
Término temático o nombre geográfico como elemento de entrada CUENTOS JUVENILES ITALIANOS
650 ## - ENCABEZAMIENTO DE MATERIA--TEMÁTICO
Término temático o nombre geográfico como elemento de entrada MATEMÁTICAS
Subdivisión de forma CUENTOS JUVENILES
700 1# - ASIENTO SECUNDARIO -- NOMBRE PERSONAL
Nombre personal Marín, Joaquín,
Mención de responsabilidad il.
Término de relación
700 ## - ASIENTO SECUNDARIO -- NOMBRE PERSONAL
Término de relación
Nombre personal Higueras Díez, Marta
Mención de responsabilidad ed.
740 ## - ASIENTO SECUNDARIO DE TÍTULOS RELACIONADOS O ANALÍTICOS NO CONTROLADOS
Título analítico o relacionado no controlado Alicia en el país de los números
830 #0 - ASIENTO SECUNDARIO DE SERIE--TÍTULO UNIFORME
Título uniforme Alfaguara juvenil
942 ## - ADDED ENTRY ELEMENTS (KOHA)
Source of classification or shelving scheme Dewey Decimal Classification
Koha item type Libros
945 ## - INFORMACIÓN DE PROCESAMIENTO LOCAL
Información de procesamiento local Inventariado, 2018 / BT
956 ## - LOCAL ELECTRONIC LOCATION AND ACCESS (OCLC)
Nombre de host BTAVAREZ
Número de acceso 10
Trayectoria 20180212
Nombre Electrónico BPMSU
Procesador de solicitud 0038
Existencias
Withdrawn status Lost status Source of classification or shelving scheme Damaged status Not for loan Collection code Home library Current library Date acquired Source of acquisition Total Checkouts Full call number Barcode Date last seen Price effective from Koha item type
    Dewey Decimal Classification     Colección Infantil General Biblioteca Pública Metropolitana Salomé Ureña Biblioteca Pública Metropolitana Salomé Ureña 02/12/2018 FUNDI   853.91 F797m BPMSU18020129 02/12/2018 02/12/2018 Libros